La Libertad religiosa en los textos constitucionales latinoamericanos /
Wedi'i Gadw mewn:
| Prif Awdur: | |
|---|---|
| Fformat: | Texto |
| Pynciau: | |
| Tagiau: |
Ychwanegu Tag
Dim Tagiau, Byddwch y cyntaf i dagio'r cofnod hwn!
|
MARC
| LEADER | 00000 a a2200000 04500 | ||
|---|---|---|---|
| 001 | 4387 | ||
| 003 | |||
| 040 | |||
| 100 | |a Fernández Domínguez, Rafael | ||
| 245 | |a La Libertad religiosa en los textos constitucionales latinoamericanos / |c Rafael Fernández Domínguez | ||
| 650 | |a LIBERTAD RELIGIOSA | ||
| 650 | |a CONSTITUCIONES | ||
| 650 | |a DERECHOS HUMANOS | ||
| 773 | |g número 28; .páginas 149-165 | ||
| 999 | |c 19644 |d 19644 | ||
